|
|
|
|
| LEADER |
00000nab a2200000 a 4500 |
| 001 |
vtls000926911 |
| 003 |
SK-MaSNL |
| 005 |
20260304235826.0 |
| 008 |
040720e20001004xo 0 slo |
| 035 |
|
|
|a KE35788
|
| 040 |
|
|
|a KEVKJB
|b slo
|c KEVKJB
|e AACR2
|
| 041 |
0 |
|
|a slo
|
| 044 |
|
|
|a xo
|c SK
|
| 080 |
|
|
|a 621.396:929
|2 1981
|
| 110 |
2 |
|
|a Tlačová agentúra Slovenskej republiky
|4 aut
|9 177619
|
| 245 |
0 |
0 |
|a Spolupráca VSS s írskou firmou Hi-Spec
|
| 610 |
2 |
7 |
|a Východoslovenské strojárne (Košice, Slovensko)
|2 KEVKJB
|9 29610
|
| 610 |
2 |
7 |
|a Hi-Spec Edineering, Carlow (Írsko)
|2 KEVKJB
|9 1573757
|
| 650 |
0 |
7 |
|a strojárstvo
|2 KEVKJB
|9 674
|
| 650 |
0 |
7 |
|a cisterny
|2 KEVKJB
|9 407764
|
| 650 |
0 |
7 |
|a výroba
|2 KEVKJB
|9 15916
|
| 650 |
0 |
7 |
|a spolupráca
|2 KEVKJB
|9 20291
|
| 651 |
|
7 |
|a Írsko
|2 KEVKJB
|9 21715
|
| 651 |
|
7 |
|a Košice (Slovensko)
|2 KEVKJB
|9 18694
|
| 655 |
|
7 |
|a periodikum
|2 snkbucl
|9 29553
|
| 710 |
2 |
|
|a Východoslovenské strojárne (Košice, Slovensko)
|4 aut
|9 29610
|
| 710 |
2 |
|
|a Hi-Spec Edineering, Carlow (Írsko)
|4 aut
|9 1573757
|
| 773 |
0 |
8 |
|t Práca
|g Roč. 55, č.228, 4.10.2000, s. 6
|
| 852 |
|
|
|a ZVYKNI
|b KIS3GCP
|
| 999 |
|
|
|c 3210751
|d 3212681
|